| 000 | 00545nam a2200217Ia 4500 | ||
|---|---|---|---|
| 003 | OSt | ||
| 005 | 20220926045223.0 | ||
| 006 | a|||||r|||| 00| 0 | ||
| 007 | ta | ||
| 008 | 220923b |||||||| |||| 00| 0 eng d | ||
| 037 | _cGeneral Book | ||
| 040 |
_aRTL _cRTL _beng |
||
| 041 |
_2eng _aeng |
||
| 082 | _aX71.271 | ||
| 110 | _aMADHYA PRADESH, (Govt. of-). | ||
| 245 | 0 | _aBudget Madhya Pradesh 1962-63 | |
| 260 | _c1963 | ||
| 700 | _aMADHYA PRADESH, (Govt. of-). | ||
| 942 |
_hX71.271 _cGB _2CC |
||
| 999 |
_c676983 _d676983 |
||